| 000 | 01322nam a2200385 i 4500 | ||
|---|---|---|---|
| 001 | 49695 | ||
| 003 | KOSZ 005 | ||
| 005 | 20220919074532.0 | ||
| 008 | 100205s2009 pl a f |000 0 pol | ||
| 020 | _a9788392481348 | ||
| 040 |
_aKOSZ 005 _cKOSZ 005 _dKOSZ 005/HR |
||
| 046 | _k2009 | ||
| 080 | _a336.76 | ||
| 080 | _a(083.1) | ||
| 100 | 1 |
_aJajuga, Krzysztof _d(1956- ) _eAutor |
|
| 245 | 1 | 0 |
_aRynek wtórny papierów wartościowych / _cKrzysztof Jajuga. |
| 250 | _aWyd. 3 uaktual. | ||
| 260 |
_aWarszawa : _bKomisja Nadzoru Finansowego, _c2009. |
||
| 300 |
_a32 s. : _bil. ; _c21 cm. |
||
| 336 |
_2rdacontent _aTekst _btxt |
||
| 337 |
_2rdamedia _aBez urządzenia pośredniczącego _bn |
||
| 338 |
_2rdacarrier _aWolumin _bnc |
||
| 380 | _aKsiążki | ||
| 388 | _a2001- | ||
| 490 | 1 | _aAnatomia Sukcesu : instytucje i zasady funkcjonowania rynku kapitałowego. | |
| 500 | _aNa s. tyt. i okł. nazwa projektu: CEDUR. | ||
| 650 | 4 | _aGiełda papierów wartościowych | |
| 650 | 4 | _aInstrumenty finansowe | |
| 650 | 4 | _aPapiery wartościowe | |
| 655 | 4 | _aPoradnik | |
| 658 | _aGospodarka, ekonomia, finanse | ||
| 830 | 0 | _aAnatomia Sukcesu | |
| 856 |
_uhttp://koha.tu.koszalin.pl/cgi-bin/koha/opac-detail.pl?biblionumber=49695 _yKatalog online BPK |
||
| 942 |
_2UKD _cKS |
||
| 999 |
_c49695 _d49695 |
||